| 000 | 00850nam a22001337a 4500 | ||
|---|---|---|---|
| 040 | _cRUA | ||
| 082 | _aAVM KIM 2010 B092 Or.1 | ||
| 100 | _aKIM SOKOL | ||
| 245 | _aEffect of supplementation of chinese kale (brassica alboglaba) and shrimp by-product on growth rate of broiler at royal university of agriculture, (ឥទ្ធិពលនៃការបន្ថែមស្លឹកខាត់ណាស្រស់ និងអនុផលបង្គាលើចំណីផ្សំ ស៊ី.ភី លើការលូតលាស់របស់មាន់សាច់ នៅសាកលវិទ្យាល័យភូមិន្ទកសិកម្ម) | ||
| 260 |
_aphnom penh _brua _c2010 |
||
| 300 |
_ax, 40p. _bill. _c29cm. |
||
| 856 | _uhttps://drive.google.com/file/d/1xCHoPE9Id7YZ8FTIeiO5rANCb9IMQP7F/view?usp=sharing | ||
| 942 | _cAVM | ||
| 999 |
_c2380 _d2380 |
||